[Event "TCh-ISR"]
[Site "Israel ISR"]
[Date "2010.02.05"]
[Round "3"]
[White "Soffer,R"]
[Black "Deutsch,E"]
[Result "1/2-1/2"]
[WhiteElo "2459"]
[BlackElo "2374"]

1.c4 c6 2.d4 d5 3.Nf3 Nf6 4.e3 e6 5.Bd3 Nbd7 6.O-O dxc4 7.Bxc4 a6 8.a4 c5
9.Nc3 Bd6 10.Qe2 cxd4 11.exd4 O-O 12.Bg5 Qa5 13.Rfe1 Nb6 14.Bxf6 gxf6 15.Bb3 Bd7
16.Ne4 Be7 17.Qe3 Kg7 18.Nc5 Bc6 19.Bc2 Bxc5 20.dxc5 Nd7 21.Qd3 Rh8 22.Nd4 Nf8
23.Re3 Ng6 24.Rg3 Rhe8 25.Qe3 Rad8 26.Rh3 f5 27.Rg3 Qb4 28.Nxc6 bxc6 29.Qc3+ Qxc3
30.Rxc3 Nf4 31.Rc4 Nd5  1/2-1/2

[Event "Open A"]
[Site "Moscow RUS"]
[Date "2010.02.05"]
[Round "7"]
[White "Bareev,E"]
[Black "Le Quang Liem"]
[Result "1/2-1/2"]
[WhiteElo "2643"]
[BlackElo "2647"]

1.c4 c6 2.e4 d5 3.exd5 cxd5 4.cxd5 Nf6 5.Nc3 Nxd5 6.Nf3 Nc6 7.Bb5 e6 8.O-O Be7
9.d4 O-O 10.Re1 Qd6 11.Ne4 Qc7 12.a3 Rd8 13.Bf1 e5 14.Nxe5 Nxe5 15.dxe5 Ne3
16.Bxe3 Rxd1 17.Raxd1 Qxe5 18.Nc3 Be6 19.Bxa7 Qa5 20.Be3  1/2-1/2

[Event "15th HIT Open B"]
[Site "Nova Gorica SLO"]
[Date "2010.02.06"]
[Round "9"]
[White "Lakovic,Igor"]
[Black "Franca,Veronika"]
[Result "1-0"]
[WhiteElo "1934"]
[BlackElo "1714"]

1.c4 c6 2.g3 g6 3.Bg2 Bg7 4.Nc3 Nf6 5.Nf3 d6 6.O-O O-O 7.d4 Nbd7 8.Bf4 Nb6
9.b3 Re8 10.Qd2 Nh5 11.Bh6 f6 12.Bxg7 Nxg7 13.e4 e5 14.Rad1 Bg4 15.h3 Bxf3
16.Bxf3 Qd7 17.Kh2 Rad8 18.Bg2 a6 19.f4 Rf8 20.Qc1 Ne6 21.Ne2 Qg7 22.c5 dxc5
23.d5 cxd5 24.exd5 Nd4 25.Nxd4 cxd4 26.Qc5 Nd7 27.Qc7 b6 28.fxe5 fxe5 29.Rxf8+ Rxf8
30.d6 Rf2 31.Qc4+ Qf7 32.Qxa6 Qd5 33.Qc8+ Nf8 34.Rg1 Qxd6 35.Kh1 d3 36.Qc4+ Kg7
37.Bd5 d2 38.Rd1 b5 39.Qd3 Qb4 40.Qe3 Qd4 41.Qxd4 exd4 42.Kg1 Re2 43.Kf1 Re1+
44.Rxe1 dxe1=Q+ 45.Kxe1 Kf6 46.a4 Ke5 47.Bc6 bxa4 48.bxa4 Kd6 49.Be8 Ne6
50.Kd2 Nc5 51.g4 g5 52.Bb5 Ke5 53.Ke2 Nb3 54.Bc4 Na5 55.Bb5 h6 56.Be8 Ke4
57.Bg6+ Kd5 58.Kd3 Kc5 59.Ke4 Nc6 60.Be8 Ne7 61.a5 Nc8 62.Bd7 Na7 63.Be8 Kc4
64.a6 d3 65.Ba4 d2 66.Kf5 Kd4 67.Kg6 Ke4 68.Kxh6 Kf4 69.Kh5 Nc6 70.h4 gxh4
71.Kxh4 Ke5 72.g5 Kd6 73.g6 Kc7 74.a7 Nxa7 75.g7  1-0

[Event "Bundesliga 2009-10"]
[Site "Muelheim GER"]
[Date "2010.02.07"]
[Round "9"]
[White "Janssen,Ru"]
[Black "Levin,F"]
[Result "1-0"]
[WhiteElo "2520"]
[BlackElo "2481"]

1.c4 c6 2.Nf3 d5 3.e3 Nf6 4.Nc3 e6 5.b3 Nbd7 6.Bb2 a6 7.Be2 b5 8.O-O Bd6
9.d4 O-O 10.Qc2 Bb7 11.c5 Bc7 12.b4 a5 13.a3 Qb8 14.Bd3 h6 15.h3 Re8 16.Rfe1 axb4
17.axb4 Rxa1 18.Rxa1 e5 19.dxe5 Nxe5 20.Nxe5 Bxe5 21.Ne2 Bc8 22.Bxe5 Qxe5
23.Nd4 Bd7 24.Ra7 Rc8 25.Bf5 Bxf5 26.Nxf5 Re8 27.Nd6 Rf8 28.Ra6 d4 29.Qb2 Nd5
30.Rxc6 Nc3 31.Qd2 Ra8 32.Rc8+ Rxc8 33.Nxc8 dxe3 34.Qxe3 Qxe3 35.fxe3 Nd5
36.Na7 Kf8 37.Nxb5 Nxb4 38.Nd4 g6 39.Kf1 Na6 40.Nb3 Ke7 41.Ke2 Nb4 42.Kd2 f5
43.Kc3 Nd5+ 44.Kd4 Ke6 45.g3 Nf6 46.Kc4 Ke5 47.Nd2 g5 48.c6 f4 49.exf4+ gxf4
50.Kc5 Ne8 51.g4 Nc7 52.h4 Ne6+ 53.Kb6 Kd4 54.c7 Nxc7 55.Kxc7 Ke3 56.Nc4+ Kd4
57.g5 hxg5 58.hxg5 Kxc4 59.g6 f3 60.g7 f2 61.g8=Q+ Kd3 62.Qa2  1-0

[Event "TCh-Eur Seniors"]
[Site "Dresden GER"]
[Date "2010.02.10"]
[Round "1"]
[White "Lehtosaari,K"]
[Black "Anguera Maestro,J"]
[Result "0-1"]
[WhiteElo "2029"]
[BlackElo "2217"]

1.c4 c6 2.Nc3 d5 3.d4 e6 4.Nf3 Bd6 5.e4 dxe4 6.Nxe4 Bb4+ 7.Nc3 Nf6 8.Bd3 Nbd7
9.O-O O-O 10.Bg5 Be7 11.Qe2 h6 12.Bh4 Nh5 13.Bxe7 Qxe7 14.g3 g6 15.Nh4 Nf4
16.Qe3 Nxd3 17.Qxd3 Kg7 18.f4 Nf6 19.Rae1 Qd6 20.Ne4 Nxe4 21.Qxe4 Rd8 22.Rd1 b6
23.Rfe1 Rb8 24.Qe5+ Qxe5 25.dxe5 Ba6 26.b3 c5 27.Kg2 Bb7+ 28.Nf3 Bxf3+ 29.Kxf3 Kf8
30.Ke2 Ke7 31.Rxd8 Rxd8 32.Rd1 Rf8 33.Ke3 g5 34.Rd2 gxf4+ 35.gxf4 Rg8 36.Kf3 Rg1
37.Rg2 Rf1+ 38.Rf2  0-1

[Event "TCh-Eur Seniors"]
[Site "Dresden GER"]
[Date "2010.02.10"]
[Round "1"]
[White "Scholes,J ENG"]
[Black "Buck,K1"]
[Result "1-0"]
[WhiteElo "2115"]
[BlackElo "1835"]

1.c4 c6 2.Nc3 e6 3.e4 Bb4 4.Nge2 Ne7 5.a3 Bxc3 6.Nxc3 d5 7.d4 dxe4 8.Nxe4 Nf5
9.Be3 Qh4 10.Qf3 Qd8 11.Rd1 O-O 12.Bd3 Qa5+ 13.Bd2 Qb6 14.Bc3 Nxd4 15.Nf6+ Kh8
16.Qh5 h6 17.Ng4 Nf5 18.Bxf5 exf5 19.Qxh6+  1-0

[Event "TCh-Eur Seniors"]
[Site "Dresden GER"]
[Date "2010.02.11"]
[Round "2"]
[White "Gaebler,H"]
[Black "Seyffarth,R"]
[Result "1/2-1/2"]
[WhiteElo "1750"]
[BlackElo "1983"]

1.c4 c6 2.d4 d5 3.cxd5 cxd5 4.Nc3 e6 5.Nf3 Nf6 6.e3 Be7 7.Bd3 O-O 8.O-O a6
9.Bd2 g6 10.h3 Kg7 11.Ne5 Ng8 12.f4 f5 13.a3 Nf6 14.Be1 Nbd7 15.Bh4 Ne4 16.Bxe7 Qxe7
17.Qe1 Nxe5 18.dxe5 Bd7 19.Be2 Rac8 20.Nxe4  1/2-1/2

[Event "TCh-Eur Seniors"]
[Site "Dresden GER"]
[Date "2010.02.11"]
[Round "2"]
[White "Titz,Hei"]
[Black "Kelchner,H"]
[Result "1/2-1/2"]
[WhiteElo "2248"]
[BlackElo "2193"]

1.c4 c6 2.d4 d5 3.Nc3 Nf6 4.Nf3 Bf5 5.Qb3 Qb6 6.c5 Qc7 7.Bf4 Qc8 8.h3 Nbd7
9.Rc1 h6 10.e3 e6 11.Qd1 a5 12.Bd3 Be7 13.O-O Bxd3 14.Qxd3 Nh5 15.Bh2 Nhf6
16.Na4 O-O 17.Ne5 Nxe5 18.Bxe5 Nd7 19.Bg3 f5 20.f3 Qe8 21.Be5 Bf6 22.f4 Bxe5
23.dxe5 g5 24.Rc2 Qh5 25.Qd1 Qxd1 26.Rxd1 Rf7 27.Rd3 Rg7 28.Rb3 Ra7 29.Nb6 Nxb6
30.Rxb6 Rd7 31.g3 Kf7 32.b3 Ra6 33.Rxa6 bxa6 34.Kf2 Rb7 35.Rd2 Rb5 36.Rc2 Kg6
37.Rc3 g4 38.h4 a4 39.Ke2 axb3 40.axb3 Ra5 41.Kd1 Ra1+ 42.Rc1  1/2-1/2

[Event "TCh-FIN 2009-10"]
[Site "Finland FIN"]
[Date "2010.02.13"]
[Round "6"]
[White "Natri,A"]
[Black "Pohjala,H"]
[Result "0-1"]
[WhiteElo "2223"]
[BlackElo "2164"]

1.c4 c6 2.g3 Nf6 3.Bg2 g6 4.b3 Bg7 5.Bb2 d6 6.d4 O-O 7.Nc3 Re8 8.Nf3 Bg4
9.h3 Bxf3 10.Bxf3 Nbd7 11.O-O e5 12.dxe5 dxe5 13.Bg2 Qc7 14.Qc2 e4 15.Rab1 e3
16.f4 Nc5 17.Nd1 Nce4 18.Nxe3 Nxg3 19.Rf3 Nfh5 20.Bxg7 Kxg7 21.Qb2+ f6 22.Kh2 Nxf4
23.Ng4 Ngh5 24.Rxf4 Qxf4+ 25.Kg1 Rad8 26.e3 Qd6 27.Rf1 Re6 28.Rf2 Qb4 29.e4 Rd1+
30.Bf1 Qd6 31.e5 Qd4 32.exf6+ Nxf6 33.Qa3 Qd6 34.Qxa7 Qg3+ 35.Kh1 Qxh3+ 36.Nh2 Qe3
37.Qxe3 Rxe3 38.Rxf6 Kxf6 39.Ng4+ Kg5 40.Nxe3 Re1 41.c5 Rxe3 42.Bc4 Kf4 43.Kg2 h5
44.Bf7 h4 45.b4 g5 46.b5 cxb5 47.Bd5 Rc3 48.Bxb7 Rxc5  0-1

[Event "9th Aeroflot Open A"]
[Site "Moscow RUS"]
[Date "2010.02.13"]
[Round "5"]
[White "McShane,L"]
[Black "Sebag,M"]
[Result "1-0"]
[WhiteElo "2616"]
[BlackElo "2510"]

1.c4 c6 2.Nf3 d5 3.b3 Bf5 4.Bb2 e6 5.g3 Nf6 6.Bg2 Nbd7 7.O-O h6 8.d3 Be7
9.Nbd2 O-O 10.Rc1 a5 11.a3 Re8 12.Rc2 Bf8 13.Qa1 Qb6 14.h3 Rad8 15.Ne5 Nxe5
16.Bxe5 Nd7 17.Bb2 Nb8 18.c5 Qb5 19.Rfc1 Nd7 20.e4 Bg6 21.Bf1 Qa6 22.b4 Ra8
23.Bc3 Qa7 24.exd5 exd5 25.Qb2 axb4 26.axb4 Qa6 27.b5 Qxb5 28.Qxb5 cxb5 29.Bd4 Ra3
30.Rb2 Ra4 31.Nf3 b4 32.Be3 Nb8 33.d4 Nc6 34.Bb5 Ra3 35.Bxc6 bxc6 36.Rxb4 f6
37.Rb6 Rc8 38.g4 Bd3 39.Ne1 Bb5 40.Nc2 Ra4 41.Rb1 Bd3 42.R1b2 Be4 43.Kf1 Bf3
44.Ne1 Be4 45.f3 Bg6 46.Nc2 Be7 47.Nb4 Be8 48.Ra2 Rxa2 49.Nxa2 Bd8 50.Ra6 Rb8
51.Bf4 Rb1+ 52.Ke2 Rb5 53.Bd2 Bc7 54.Ra7 Bb8 55.Ra8 Kf7 56.Nb4 Rb7 57.Na6 Bg3
58.Nb4 Bb8 59.Ra6 Bf4 60.Rb6 Re7+ 61.Kd3 Bc7 62.Ra6 g5 63.Kc3 Re6 64.Kb3 Bg3
65.Kc2 Bf2 66.Bc3 Bg3 67.Bd2 Bf2 68.Kd3 Bg3 69.Nc2 Bf2 70.Be3 Bg3 71.Kd2 Re7
72.Nb4 Re6 73.Nd3 Re7 74.Bf2 Bc7 75.Kd1 Bh2 76.Nb4 Re6 77.Nc2 Bf4 78.Be1 Bh2
79.Bd2 Bg1 80.Ra3 Re7 81.Be3 Bh2 82.Ra2 Bg3 83.Ra3 Bh2 84.Ke2 Bg3 85.Kf1 Rb7
86.Ra2 Re7 87.Kg2 Bc7 88.Bf2 Bf4 89.Nb4 Re6 90.Nd3 Bc7 91.Bg3 Re3 92.Ra3 Bxg3
93.Kxg3 Re2 94.Nf2 Rd2 95.Rd3 Rxd3 96.Nxd3 Ke7 97.f4 Bg6 98.Nf2 Kd7 99.h4 gxh4+
100.Kxh4 Kc7 101.Nh1 Kd7 102.Ng3 Ke7 103.Nf1 Bd3 104.Ne3 Kf7 105.Kh5 Kg7
106.Ng2 Bg6+ 107.Kh4 Kf8 108.Ne3 Be4 109.Nd1 Kf7 110.Nc3 Bd3 111.Na4 Kg7
112.Nb6 Bg6 113.Nc8 Be8 114.Nd6 Bd7 115.Kh5 Kh7 116.Nb7 Be8+ 117.Kh4 Kg7
118.Na5 Bd7 119.Kh5 Be8+ 120.Kh4 Bd7 121.Nb3 Kh7 122.Nd2 Kg7 123.Nf1 Be8
124.Ng3 Bd7 125.Nf1 Be8 126.Nh2 Bg6 127.g5 hxg5+ 128.fxg5 Bc2 129.Ng4 fxg5+
130.Kxg5 Kf7 131.Ne5+ Ke6 132.Nxc6 Be4 133.Ne5 Bh1 134.Nd3 Kd7 135.Kf6 Kc6
136.Ke5 Kb5 137.Nf4 Kc6 138.Ng6 Kd7 139.Kf6 Bg2 140.Ne5+ Kc7 141.Ke6 Be4
142.Nf7 Kc6 143.Nd6 Bg2 144.Nf5 Kb5 145.Ke5 Bh3 146.Ne7 Bg2 147.c6 Bh3 148.c7  1-0

[Event "TCh-NED 2009-10"]
[Site "Netherlands NED"]
[Date "2010.02.13"]
[Round "5"]
[White "Ljubojevic,L"]
[Black "Timmermans,I"]
[Result "1-0"]
[WhiteElo "2553"]
[BlackElo "2237"]

1.c4 c6 2.Nc3 d5 3.d4 Nf6 4.Nf3 dxc4 5.a4 Bf5 6.Ne5 Nbd7 7.Nxc4 Nb6 8.Ne5 a5
9.g3 e6 10.Bg2 Bb4 11.O-O O-O 12.e3 h6 13.Qe2 Bh7 14.Rd1 Qe7 15.Bd2 Nfd7
16.Nxd7 Nxd7 17.e4 e5 18.d5 Nc5 19.Qc4 Kh8 20.Be3 Rac8 21.dxc6 bxc6 22.Na2 Ne6
23.Nxb4 Qxb4 24.Qxb4 axb4 25.Rac1 c5 26.Rd5 f6 27.Bh3 Rc6 28.f3 Bg8 29.Bxe6 Bxe6
30.Rdxc5 Ra6 31.a5 Rd8 32.Kf2 Kg8 33.Rc6 Rxc6 34.Rxc6 Kf7 35.a6  1-0

[Event "9th Aeroflot Open A"]
[Site "Moscow RUS"]
[Date "2010.02.15"]
[Round "7"]
[White "Shomoev,A"]
[Black "Sebag,M"]
[Result "1-0"]
[WhiteElo "2559"]
[BlackElo "2510"]

1.c4 c6 2.e4 d5 3.cxd5 cxd5 4.exd5 Nf6 5.Nc3 Nxd5 6.Nf3 Nc6 7.Bb5 e6 8.O-O Be7
9.d4 O-O 10.Re1 Bf6 11.Bxc6 bxc6 12.Na4 h6 13.Bd2 Ne7 14.Bb4 Re8 15.Bxe7 Qxe7
16.Nc5 Rd8 17.Rc1 Rb8 18.b3 Bb7 19.Rc4 Ba8 20.Qc2 Rd5 21.Ne4 Rf5 22.Nxf6+ Qxf6
23.Rc5 Rf4 24.Re4 Rf5 25.Re3 Rf4 26.h3 Rd8 27.Re4 Rf5 28.Ne5 Rg5 29.g4 h5
30.Qc1 Rxe5 31.Rcxe5 Qf3 32.Qf4 Qd1+ 33.Re1 Qd3 34.Qe3 Qg6 35.Rxh5 c5 36.Rxc5 Bd5
37.Rec1 Kh7 38.Qg3 Qe4 39.Qh4+ Kg6 40.Qh5+ Kf6 41.Qe5+ Qxe5 42.dxe5+ Kxe5
43.Rc7 f5 44.gxf5 exf5 45.Rd1  1-0

[Event "9th Aeroflot Open A"]
[Site "Moscow RUS"]
[Date "2010.02.15"]
[Round "7"]
[White "Timofeev,Arty"]
[Black "So,W"]
[Result "1/2-1/2"]
[WhiteElo "2652"]
[BlackElo "2656"]

1.c4 c6 2.e4 d5 3.exd5 cxd5 4.d4 Nf6 5.Nc3 Nc6 6.Bg5 Be6 7.Nf3 Ne4 8.c5 Bg4
9.Be3 Nxc5 10.dxc5 d4 11.Bxd4 Bxf3 12.Qxf3 Qxd4 13.Bb5 Qxc5 14.O-O e6 15.Rac1 Be7
16.Rfd1 Rc8 17.Bxc6+ Rxc6 18.Ne2 Qb6 19.Rxc6 bxc6 20.Nd4 O-O 21.Nxc6  1/2-1/2

[Event "Open"]
[Site "Novy Bor CZE"]
[Date "2010.02.15"]
[Round "3"]
[White "Loktiev,I"]
[Black "Snorek,M"]
[Result "1-0"]
[WhiteElo "2243"]
[BlackElo "2146"]

1.c4 c6 2.Nf3 d5 3.b3 Nf6 4.Bb2 Bf5 5.g3 e6 6.Bg2 Be7 7.O-O Nbd7 8.d3 O-O
9.Nbd2 h6 10.Rc1 a5 11.a3 Qb6 12.Qc2 Bh7 13.Ra1 Rfe8 14.Bc3 Bf8 15.Qb2 c5
16.d4 cxd4 17.Bxd4 Bc5 18.cxd5 exd5 19.e3 Bxd4 20.Qxd4 Qxd4 21.Nxd4 g5 22.Rac1 Bd3
23.Rfd1 Rac8 24.N2f3 Be4 25.Nd2 Ne5 26.Bxe4 Nxe4 27.Nxe4 dxe4 28.Nf5 Rxc1
29.Rxc1 Nf3+ 30.Kg2 Re6 31.g4 Rb6 32.Rc3 Kh7 33.a4 Rc6 34.Rxc6 bxc6 35.Nd6 Nd2
36.Nxf7 Nxb3 37.Nd6 Nc5 38.Nc4 Nxa4 39.Nxa5 c5 40.f3 Nb6 41.fxe4 Kg6 42.e5 Kf7
43.Kf3 Ke6 44.Ke4 c4 45.Nc6 Na4 46.Nd4+ Kf7 47.Kf5 c3 48.e6+ Ke8 49.Kg6 Nc5
50.Kxh6 Nxe6 51.Nc2 Kf7 52.Nb4 Nc5 53.Kxg5 Ne4+ 54.Kf4 Nf2 55.h4 Ke6 56.Kf3 Nd1
57.Ke2 Nb2 58.h5 Nc4 59.g5 Ne5 60.g6 Ng4 61.Kf3 Kf5  1-0

[Event "4th SOP-SMAOK Open"]
[Site "Athens GRE"]
[Date "2010.02.16"]
[Round "6"]
[White "Paouris,N"]
[Black "Zenelis,K"]
[Result "0-1"]
[WhiteElo "1909"]
[BlackElo "2172"]

1.c4 c6 2.e4 d5 3.exd5 cxd5 4.Nf3 Nf6 5.Nc3 d4 6.Nb5 Nc6 7.Qe2 a6 8.Na3 Bf5
9.d3 e5 10.Nc2 Be7 11.g3 e4 12.dxe4 Bxe4 13.Qd1 d3 14.Ne3 Bb4+ 15.Bd2 Bxd2+
16.Kxd2 Qa5+ 17.Kc1 d2+ 18.Nxd2 Bxh1 19.f3 Rd8 20.Be2 O-O 21.a3 Rfe8 22.Nc2 Bg2  0-1

[Event "Open"]
[Site "Novy Bor CZE"]
[Date "2010.02.16"]
[Round "5"]
[White "Bednar,Ma"]
[Black "Machan,J"]
[Result "1/2-1/2"]
[WhiteElo "2185"]
[BlackElo "1710"]

1.c4 c6 2.d4 d5 3.Nf3 Nf6 4.Nc3 e6 5.Bg5 Be7 6.e3 Nbd7 7.Rc1 O-O 8.Bd3 dxc4
9.Bxc4 c5 10.O-O cxd4 11.exd4 Nb6 12.Bd3 Bd7 13.Ne5 Rc8 14.Bb1 Re8 15.Qd3 g6
16.Qh3 Rf8 17.Rfe1 Nc4 18.Qh4 Nxe5 19.dxe5 Nd5 20.Ne4 Rxc1 21.Rxc1 Bxg5 22.Nxg5 h5
23.Qg3 Qe7 24.a3 Rc8 25.Rxc8+ Bxc8 26.h4 Qc7 27.Be4 Qc1+ 28.Kh2 Qxb2 29.Bxd5 exd5
30.e6 Bxe6 31.Nxe6 fxe6 32.Qxg6+ Kf8 33.f4 Qd4 34.Qg5 Qe4 35.Qf6+ Ke8 36.Qh8+ Kd7
37.Qb8 d4 38.Qxa7 Qxf4+ 39.g3 Qf2+ 40.Kh3 Qf5+ 41.Kh2 Qd5 42.Qa4+ Kc7 43.Qc2+ Kb8
44.Kg1 Qf3 45.Qf2 Qd5  1/2-1/2

[Event "TCh-Eur Seniors"]
[Site "Dresden GER"]
[Date "2010.02.17"]
[Round "8"]
[White "Brameyer,H"]
[Black "Klundt,K"]
[Result "1/2-1/2"]
[WhiteElo "2237"]
[BlackElo "2340"]

1.c4 c6 2.Nf3 Nf6 3.e3 d5 4.b3 Bg4 5.Be2 e6 6.O-O Bd6 7.cxd5 cxd5 8.Bb2 Nc6
9.d4 O-O 10.Ne5 Bxe2 11.Qxe2 Rc8 12.f4  1/2-1/2

[Event "Open"]
[Site "Novy Bor CZE"]
[Date "2010.02.17"]
[Round "6"]
[White "Golcman,E"]
[Black "Jakovlev,J"]
[Result "1/2-1/2"]
[WhiteElo "2290"]
[BlackElo "2113"]

1.c4 c6 2.Nf3 Nf6 3.d4 d5 4.Qb3 g6 5.g3 Bg7 6.Bg2 O-O 7.O-O dxc4 8.Qxc4 Be6
9.Qc2 Bf5 10.Qb3 Qb6 11.Qa3 Qa6 12.Re1 Rd8 13.Qb3 Be4 14.Nbd2 Qb6 15.Nxe4 Nxe4
16.Qc2 Nd6 17.e3 Nd7 18.b3 Rac8 19.Bb2 c5 20.dxc5 Qxc5 21.Qxc5 Nxc5 22.Bxg7 Kxg7  1/2-1/2

[Event "BSF 75th Ann."]
[Site "Bronshoj DEN"]
[Date "2010.02.19"]
[Round "8"]
[White "Skovgaard,Pe2"]
[Black "Rasmussen,A"]
[Result "1-0"]
[WhiteElo "2279"]
[BlackElo "2542"]

1.c4 c6 2.g3 Nf6 3.Bg2 d5 4.Nf3 dxc4 5.a4 e6 6.Na3 Bxa3 7.Rxa3 a5 8.d3 cxd3
9.Rxd3 Qe7 10.Ne5 Nbd7 11.Nxd7 Nxd7 12.O-O O-O 13.b3 e5 14.Qd2 Re8 15.Bb2 Nf6
16.Rd1 Bf5 17.Rd6 Be4 18.Rxf6 Bxg2 19.Rf5 Rad8 20.Qc1 Rxd1+ 21.Qxd1 Rd8 22.Qc1 Bh3
23.Rxe5 Qd6 24.f3 f6 25.Re4 c5 26.g4 h5 27.gxh5 Bf5 28.Rh4 Qe6 29.Kf2 Qxb3
30.h6 g5 31.Bxf6 gxh4 32.Qg5+ Kf7 33.Bxd8 Qe6 34.Bxa5 Qf6 35.Qxf6+ Kxf6 36.Bd8+ Kg6
37.Bxh4 Kxh6 38.e4 Bd7 39.a5 Kg6 40.Be7 c4 41.Ke3 c3 42.f4 c2 43.Ba3 Kh5
44.Kf3 Bh3 45.f5 Kg5 46.Bc1+ Kf6 47.Kf4 Ke7 48.e5 Kd7 49.e6+ Kd6 50.Ba3+ Kc6
51.Ke5  1-0

[Event "Brazil Open"]
[Site "Rio de Janeiro BRA"]
[Date "2010.02.20"]
[Round "2"]
[White "Fontes,C1"]
[Black "Diaz Millan,R"]
[Result "1-0"]
[WhiteElo "2209"]
[BlackElo "2014"]

1.c4 c6 2.Nf3 d5 3.b3 Bg4 4.g3 Bxf3 5.exf3 e6 6.Bb2 Nf6 7.Qc2 Nbd7 8.Bg2 Bc5
9.O-O O-O 10.d4 Bd6 11.Nc3 Re8 12.Rfe1 a6 13.a4 Rc8 14.c5 Bf8 15.a5 e5 16.dxe5 Rxe5
17.Rxe5 Nxe5 18.f4 Ng6 19.b4 Qe7 20.Ne2 Re8 21.Nd4 h5 22.Bc3 Qd7 23.Re1 h4
24.Rxe8 Nxe8 25.f5 Ne5 26.Qe2 Nc4 27.g4 g5 28.fxg6 fxg6 29.Qe6+ Qxe6 30.Nxe6 Be7
31.Nf4 Bf6 32.Nxd5 Bxc3 33.Nxc3 Nc7 34.g5 Kf7 35.Kf1 Ne6 36.Bh3 Nd2+ 37.Ke2 Nc4
38.Bxe6+ Kxe6 39.f3 Ke5 40.Ne4 Ke6 41.f4 Kd5 42.f5 gxf5 43.g6 Ke6 44.Nd6 Ne5
45.g7  1-0

[Event "IFPX Categoria A"]
[Site "Sao Paulo BRA"]
[Date "2010.02.20"]
[Round "1"]
[White "Disconzi da Silva,R"]
[Black "Jukemura,R"]
[Result "1-0"]
[WhiteElo "2366"]
[BlackElo "2048"]

1.c4 c6 2.e4 d5 3.exd5 cxd5 4.d4 Nf6 5.Nc3 Nc6 6.Nf3 e6 7.cxd5 Nxd5 8.Bd3 Be7
9.O-O O-O 10.Re1 Bf6 11.Be4 b6 12.Nxd5 exd5 13.Bxh7+ Kxh7 14.Qc2+ Kg8 15.Qxc6 Bg4
16.Ne5 Bxe5 17.Rxe5 Re8 18.Bg5 f6 19.Rxd5 Qc8 20.Qxc8 Raxc8 21.Be3 Rc2 22.Rb5 Be2
23.Rb3 Rec8 24.a4 Bc4 25.Rb4 Rc6 26.a5 b5 27.a6 Rd6 28.h3 Rd5 29.g3 Kf7 30.b3 Be2
31.Kg2 g5 32.g4 Kg6 33.Kh2 Kf7 34.Re1 Ra2 35.Kg3 Bd3 36.Rd1 Be4 37.f3 Bg6
38.Rc1 Bc2 39.h4 gxh4+ 40.Kxh4 Ke6 41.Bf4 Kd7 42.Bb8 Bd3 43.Rc7+ Ke6 44.Rc6+ Kf7
45.Bxa7 Bf1 46.Kg3 Kg6 47.Bb8 Kf7 48.a7 Ra6  1-0

[Event "Frauenbundesliga 2009-10"]
[Site "Germany GER"]
[Date "2010.02.21"]
[Round "7"]
[White "Tammert,I"]
[Black "Schmidt,Jad"]
[Result "1-0"]
[WhiteElo "2277"]
[BlackElo "2003"]

1.c4 c6 2.Nf3 d5 3.b3 Nf6 4.g3 Bf5 5.Bg2 e6 6.Bb2 Nbd7 7.d3 Be7 8.Nbd2 O-O
9.O-O a5 10.a3 b5 11.Nd4 Qb6 12.cxb5 cxb5 13.Nxf5 exf5 14.e4 dxe4 15.dxe4 fxe4
16.Nxe4 Rad8 17.Qc2 Rc8 18.Qe2 Nxe4 19.Bxe4 Bf6 20.Rad1 Bxb2 21.Qxb2 Nf6
22.Bf3 Rfd8 23.Rxd8+ Qxd8 24.Rd1 Qe7 25.b4 axb4 26.Qxb4 Qxb4 27.axb4 Kf8
28.Rd4 Rc4 29.Rxc4 bxc4 30.Kf1 Ke7 31.Ke2 Kd6 32.Kd2 Nd5 33.Bxd5 Kxd5 34.Kc3 f6
35.g4 g6 36.h4 h5 37.gxh5 gxh5 38.f3 f5 39.f4 Ke4 40.b5 Kxf4 41.b6 Kg4 42.b7 Kxh4
43.b8=Q Kg4 44.Qh2 f4 45.Kxc4 Kf3 46.Kd3  1-0

[Event "XIII Open"]
[Site "Malaga ESP"]
[Date "2010.02.21"]
[Round "2"]
[White "Colovic,A"]
[Black "Guadamuro Torrente,A"]
[Result "1-0"]
[WhiteElo "2464"]
[BlackElo "2118"]

1.c4 c6 2.e4 e6 3.d4 d5 4.e5 dxc4 5.Bxc4 Bb4+ 6.Nc3 Ne7 7.a3 Bxc3+ 8.bxc3 Nd5
9.Qg4 Qa5 10.Bd2 O-O 11.Nf3 Nd7 12.Qh5 h6 13.O-O Ne7 14.Rfe1 Nf6 15.Qh3 Nfd5
16.Bd3 Qc7 17.c4 Nb6 18.Bxh6 gxh6 19.Qxh6 Nf5 20.Bxf5 exf5 21.Ng5 Rd8 22.Nh7  1-0

[Event "XIII Open"]
[Site "Malaga ESP"]
[Date "2010.02.21"]
[Round "3"]
[White "Paunovic,D"]
[Black "Karim,I"]
[Result "1-0"]
[WhiteElo "2551"]
[BlackElo "2386"]

1.c4 c6 2.e4 d5 3.exd5 cxd5 4.d4 Nf6 5.Nc3 Nc6 6.Nf3 Bg4 7.cxd5 Nxd5 8.Bb5 Rc8
9.O-O e6 10.h3 Bh5 11.g4 Bg6 12.Ne5 Bd6 13.Nxd5 exd5 14.Bxc6+ bxc6 15.Nxg6 hxg6
16.Re1+ Kf8 17.Qf3 Qf6 18.Qxf6 gxf6 19.Kg2 c5 20.dxc5 Bxc5 21.Be3 Bxe3 22.Rxe3 Rc2
23.Ra3 Kg7 24.Rxa7 Re8 25.b4 Ree2 26.Rf1 Rb2 27.a3 Rec2 28.Ra5 Rc3 29.b5 d4
30.a4 Ra3 31.Ra7 d3 32.Rd1 Raa2 33.Rxd3 Rxf2+ 34.Kg3 Rae2 35.Re3 Rg2+ 36.Kf3 Rgf2+
37.Ke4 f5+ 38.gxf5 gxf5+ 39.Kd3 Rb2 40.Kc4 Rfc2+ 41.Kd5 Rb1 42.Rg3+ Kf6 43.Ra6+ Ke7
44.Re3+ Kf8 45.Ke5  1-0

[Event "Brazil Open"]
[Site "Rio de Janeiro BRA"]
[Date "2010.02.21"]
[Round "4"]
[White "Rego,V"]
[Black "Maia,Marc"]
[Result "1-0"]
[WhiteElo "2249"]
[BlackElo "2136"]

1.c4 c6 2.Nf3 Nf6 3.g3 d5 4.cxd5 cxd5 5.Bg2 Nc6 6.O-O e6 7.d4 Be7 8.Nc3 O-O
9.Bg5 Bd7 10.Qd2 Rc8 11.Rfc1 a6 12.Ne5 Nxe5 13.dxe5 Ng4 14.Bxe7 Qxe7 15.Qf4 h5
16.Nd1 Bb5 17.Bf3 f6 18.Bxg4 fxe5 19.Qxe5 hxg4 20.Rxc8 Rxc8 21.Nc3 Bc6 22.Qf4 Qf6
23.Qxg4 Rf8 24.Rf1 a5 25.a3 e5 26.h4 e4 27.e3 b6 28.Qg5 Qf7 29.h5 d4 30.exd4 e3
31.Qxe3 Bf3 32.Qg5 Qd7 33.g4 Qxd4 34.h6 Rf7 35.Re1 Bxg4 36.h7+ Kxh7 37.Qh4+ Kg8
38.Re4 Qd2 39.Re8+ Rf8 40.Rxf8+ Kxf8 41.Qxg4 Qxb2 42.Qc8+ Kf7 43.Qc4+ Kf8
44.a4 Qc1+ 45.Kg2 Qg5+ 46.Kf3 Qh5+ 47.Ke3 Qe5+ 48.Ne4 g5 49.Qc8+ Ke7 50.Qb7+ Ke8
51.Qxb6 Qf4+ 52.Kd3 g4 53.Qe6+  1-0

[Event "XIII Open"]
[Site "Malaga ESP"]
[Date "2010.02.22"]
[Round "4"]
[White "Matamoros Franco,C"]
[Black "Munoz Moreno,F"]
[Result "1/2-1/2"]
[WhiteElo "2545"]
[BlackElo "2295"]

1.c4 c6 2.e4 d5 3.exd5 cxd5 4.cxd5 Nf6 5.Nc3 Nxd5 6.Nf3 e6 7.Bc4 Nxc3 8.bxc3 Be7
9.O-O O-O 10.d4 Nd7 11.Re1 b6 12.Bd3 Bb7 13.Qe2 Re8 14.c4 Bf6 15.Bb2 Bxf3
16.Qxf3 Nc5 17.dxc5 Bxb2 18.Rab1 Bd4 19.c6 g6 20.Red1 Qd6 21.c5 bxc5 22.Rb7  1/2-1/2

[Event "Angora GM Schev"]
[Site "Ankara TUR"]
[Date "2010.02.23"]
[Round "3"]
[White "Moskalenko,V1"]
[Black "Yilmaz,M"]
[Result "1-0"]
[WhiteElo "2538"]
[BlackElo "2478"]

1.c4 c6 2.Nf3 d5 3.e3 Nf6 4.Qc2 g6 5.d4 Bg7 6.Bd3 O-O 7.O-O Nbd7 8.cxd5 Nxd5
9.a3 e5 10.e4 Nf4 11.Bc4 Qf6 12.Be3 Ne6 13.Bxe6 Qxe6 14.Nc3 exd4 15.Bxd4 Bh6
16.Rfe1 b6 17.Be3 Bg7 18.Nd4 Bxd4 19.Bxd4 Bb7 20.Rad1 Rfe8 21.f3 Rad8 22.Ne2 Ne5
23.Qc3 f6 24.Nf4 Qe7 25.b4 Rd6 26.Bxe5 fxe5 27.Qb3+ Kf8 28.Rxd6 Qxd6 29.Rd1 Qe7
30.Nd3 Rd8 31.Nf2 Bc8 32.h3 Rxd1+ 33.Qxd1 h5 34.Qd2 Ba6 35.Qh6+ Kf7 36.Qh7+ Kf6
37.Qh8+ Ke6 38.Qg8+ Qf7 39.Qd8 Qe7 40.Qg8+ Qf7 41.Qa8 Kd6 42.Qd8+ Qd7 43.Qf6+ Qe6
44.Qg7 Bb5 45.Qxa7 Qc4 46.Qxb6 Qc1+ 47.Kh2 Qf4+ 48.Kg1 Qc1+ 49.Kh2 Qxa3 50.Qd8+ Ke6
51.Qe8+ Kf6 52.Qf8+ Ke6 53.h4 Qb2 54.Qe8+ Kf6 55.Qf8+ Ke6 56.Qc5 Kd7 57.Nh3 Bf1
58.Qf2 Qxf2 59.Nxf2 Kd6 60.Nd1 c5 61.bxc5+ Kxc5 62.Kg1 Bc4 63.Ne3 Bd3 64.Kf2 Kd4
65.Nd5 Bb5 66.Ne7 Be8 67.Ke2 Bb5+ 68.Kd2 Be8 69.Nd5 Bf7 70.Nb4 Kc5 71.Nc2 Bb3
72.Kd3 Ba4 73.Ne1 Bb5+ 74.Ke3 Kd6 75.g3 Ke6 76.f4 exf4+ 77.Kxf4 Bc6 78.Nf3 Bb7
79.Ne5 Kf6 80.Nd7+ Ke7 81.Nc5 Bc6 82.e5 Bd5 83.Kg5 Bf7 84.Kh6 Kf8 85.Nd3 Ba2
86.Nf4  1-0

[Event "XIII Open"]
[Site "Malaga ESP"]
[Date "2010.02.23"]
[Round "5"]
[White "Paunovic,D"]
[Black "Bellon Lopez,JuM"]
[Result "1/2-1/2"]
[WhiteElo "2551"]
[BlackElo "2440"]

1.c4 c6 2.e4 d5 3.exd5 cxd5 4.cxd5 Nf6 5.Nc3 Nxd5 6.Nf3 Nc6 7.d4 Bg4 8.Qb3 Bxf3
9.gxf3 Nb6 10.d5 Nd4 11.Bb5+ Nd7 12.Qa4 Nxb5 13.Qxb5 g6 14.O-O Bg7 15.Re1 O-O
16.Bg5 Bf6 17.Bxf6 Nxf6 18.Qxb7 Re8 19.Rad1 Rb8 20.Qxa7 Rxb2 21.Qd4 Qb6 22.Qxb6 Rxb6
23.Rd2 Kf8 24.Ne4 Nh5 25.a4 Ra8 26.Nc5 Nf6 27.Rd4 Ra5 28.Rc1 Ke8 29.Kf1 Rb8
30.Rc3 Rc8 31.Ne4 Rxc3 32.Nxc3 Rc5 33.Ne4 Rc1+ 34.Ke2 Nd7 35.Rd1 Rc4 36.Ra1 f5
37.Nd2 Rc2 38.a5 Rc7 39.Nc4 Nf6 40.Nb6 Nd7 41.Nxd7 Kxd7 42.Kd1 e6 43.dxe6+ Kxe6  1/2-1/2

[Event "XIII Open"]
[Site "Malaga ESP"]
[Date "2010.02.23"]
[Round "5"]
[White "Ruiz Gutierrez,M"]
[Black "Ladron de Guevara Pinto,F"]
[Result "1/2-1/2"]
[WhiteElo "2226"]
[BlackElo "2044"]

1.c4 c6 2.e4 e5 3.Nf3 d6 4.d4 Nd7 5.Nc3 Ngf6 6.Be2 Be7 7.O-O O-O 8.Re1 Re8
9.Bf1 Qc7 10.h3 Nf8 11.Be3 Ng6 12.Qc2 Bd7 13.Rac1 Nh5 14.dxe5 dxe5 15.Ne2 Rad8
16.Red1 b6 17.c5 bxc5 18.Bxc5 Bxc5 19.Qxc5 Qb6 20.b3 Nf6 21.Ng3 h5 22.Re1 h4
23.Nf5 Qxc5 24.Rxc5 Nxe4 25.Nh6+ gxh6 26.Rxe4 f6 27.Ra4 Bf5 28.Rc1 Re7  1/2-1/2